000 03912nab a2200277 i 4500
003 BR-BrBNA
005 20230912101529.0
008 230515b2019 bl.ar|pooa||| 00| 0 eng |
040 _aBR-BrBNA
_beng
072 _aH20
_b1850
100 _aNaqvi, S.F.
100 _aJavaid, A.
100 _aQureshi, M.Z.
245 _aEvaluation of antifungal potential of leaf extract of Chenopodium murale against Fusarium oxysporum f. sp. lycopersici
500 _aPublicação on-line; 38 ref.; 3 tables; 5 illus.; Summaries (En, Pt)
520 _a ABSTRACT - The present study was performed to evaluate antifungal activity and GC-MS analysis of leaf extract of Chenopodium mural against Fusarium oxysporum f. sp. lycopersici (FOL), a highly problematic soil-borne pathogen of tomato. Dried leaves of C. murale were extracted with methanol for 2 weeks and after evaporating the solvent on a rotary evaporator, antifungal bioassay was carried out against FOL. All concentrations (1 to 5%) significantly reduced FOL biomass by 14-45%. The remaining methanolic extract was fractioned with n-hexane, chloroform and ethyl acetate and all these fractions were assayed for their antifungal potential. A 200 mg mL-1 concentration of various sub-fractions reduced fungal biomass significantly by 94-98% over control. All the sub-fractions were subjected to GC-MS analysis that revealed presence of 32 compounds in n-hexane, 2 compounds in chloroform and 13 compounds in ethyl acetate sub-fraction. The predominant compounds in n-hexane sub-fraction were hexadecanoic acid, methyl ester (14.64%), methyl linolenate (16.61%) and g-sitosterol (13.53%). In chloroform sub-fraction, bis (2-ethylhexyl) phthalate (92.31% and in ethyl-acetate sub-fraction, ethyl butyrate (19.57%), dihexyl phthalate (11.19%) and dioctyl phthalate (12.16%) were present in higher concentration. Keywords: Fusarium wilt, GC-MS analysis, tomato.
520 _a RESUMO - O presente estudo foi realizado para avaliar a atividade antifúngica e a análise por CG-EM do extrato de folhas de Chenopodium murale contra Fusarium oxysporum f. sp. lycopersici (FOL), um patógeno de tomate altamente problemático no solo. Folhas secas de C. murale foram extraídas com metanol por duas semanas e, após a evaporação do solvente em evaporador rotatório, foi realizado um bioensaio antifúngico contra a FOL. Todas as concentrações (1% a 5%) reduziram significativamente a biomassa de FOL em 14-45%. O restante do extrato metanólico foi fracionado com n-hexano, clorofórmio e acetato de etila, e todas essas frações foram analisadas quanto ao seu potencial antifúngico. Uma concentração de 200 mg mL-1 de várias subfrações reduziu significativamente a biomassa fúngica em 94-98%, em relação ao controle. Todas as subfrações foram submetidas à análise por GC-MS, que revelou a presença de 32 compostos em nhexano, 2 compostos em clorofórmio e 13 compostos em subfração de acetato de etila. Os compostos predominantes na subfração n-hexano foram ácido hexadecanoico, metil éster (14,64%), metil linolenato (16,61%) e g-sitosterol (13,53%). Na subfração de clorofórmio, o bis (2-etil-hexil) ftalato (92,31%) e, na subfração etil-acetato, etilbutirato (19,57%), di-hexil ftalato (11,19%) e dioctilftalato (12,16%) estavam presentes em maior concentração. Palavras-chave: Fusariose, análise por GC-MS, tomate.
650 _aFUSARIOSE
650 _aTOMATE
650 _aFUNGICIDA
650 _aEXTRATO VEGETAL
773 0 _0886
_91816
_dLondrina-PR : Sociedade Brasileira da Ciência das Plantas Daninhas, 1978
_o2023-031023
_tPlanta Daninha (Brazil)
_x0100-8358; 1806-9681 (on-line)
_gv. 37 p. 1-10; (2019)
_wBR2023000366
856 _uhttps://www.scielo.br/j/pd/a/y94v59hrSgXjzRBDyNmXDXM/?format=pdf&lang=en
942 _cAnalítica
999 _c9111
_d9111